Kommunen im Hochsauerlandkreis - Statistiken

Allgemein
  • Dieses Quiz wurde 41 mal gespielt
  • Das Durchschnittsergebnis liegt bei 9 aus 12
Antwortstatistiken
Einwohnerzahl Kommune % Korrekt
74.879 Arnsberg
100%
25.424 Brilon
85%
29.615 Meschede
85%
13.168 Winterberg
85%
10.147 Bestwig
80%
24.711 Schmallenberg
75%
14.700 Olsberg
70%
8.717 Eslohe
65%
19.555 Marsberg
60%
4.367 Hallenberg
50%
7.906 Medebach
50%
27.654 Sundern
50%
Keine übereinstimmenden Quizze gefunden
Verteilung der Resultate
Anzahl Personen mit jedem Resultat
Perzentil nach korrekt beantworteten Fragen
Ihre Resultats-Entwicklung
Sie haben dieses Quiz noch nicht gespielt